Statistics for Matchup - Countries and their Population

Click here to take the quiz!

General Stats

  • This quiz has been taken 196 times
  • The average score is 15 of 20

Answer Stats

PopulationCountry% Correct
India1,340,000,000India
99%
Brazil209,000,000Brazil
94%
Russia144,000,000Russia
94%
United Kingdom66,200,000United Kingdom
91%
France65,000,000France
90%
Vietnam95,500,000Vietnam
88%
Canada36,600,000Canada
79%
South Africa56,700,000South Africa
79%
Tuvalu11,200Tuvalu
75%
Palau21,700Palau
73%
Malaysia31,600,000Malaysia
71%
Australia24,500,000Australia
69%
Netherlands17,000,000Netherlands
68%
Yemen28,300,000Yemen
66%
Denmark5,730,000Denmark
65%
Estonia1,310,000Estonia
64%
Jamaica2,890,000Jamaica
62%
Laos6,860,000Laos
62%
Kuwait4,140,000Kuwait
59%
Georgia3,910,000Georgia
58%

Score Distribution

Percentile by Number Answered

Percent of People with Each Score

Your Score History

You have not taken this quiz